Legislación de Farmacia vigente en España / (Record no. 90321)
[ view plain ]
| 000 -LEADER | |
|---|---|
| campo de control de longitud fija | 00659nam a2200181 i 4500 |
| 001 - NÚMERO DE CONTROL | |
| campo de control | 90321 |
| 003 - IDENTIFICADOR DE NÚMERO DE CONTROL | |
| campo de control | ES-MaACL |
| 007 - CAMPO FIJO DE DESCRIPCIÓN FÍSICA--INFORMACIÓN GENERAL | |
| campo de control de longitud fija | t| |
| 008 - DATOS DE LONGITUD FIJA--INFORMACIÓN GENERAL | |
| campo de control de longitud fija | 050119m19491954sp ||||1| spa d |
| 245 00 - MENCIÓN DEL TÍTULO | |
| Título | Legislación de Farmacia vigente en España / |
| Mención de responsabilidad, etc. | recopilada por Macario Blas y Manada. |
| 250 ## - MENCION DE EDICION | |
| Mención de edición | 3ª ed. |
| Resto de la mención de edición | puesta al día por Antonio Blas y Alvarez. |
| 260 ## - PUBLICACIÓN, DISTRIBUCIÓN, ETC. | |
| Lugar de publicación, distribución, etc. | Madrid : |
| Nombre del editor, distribuidor, etc. | El Monitor de la Farmacia y de la Terapéutica, |
| Fecha de publicación, distribución, etc. | 1949-1954 ( |
| Fabricante | Eugenio Sánchez Leal) |
| 300 ## - DESCRIPCIÓN FÍSICA | |
| Extensión | 2 v. ; |
| Dimensiones | 19 cm. |
| 500 ## - NOTA GENERAL | |
| Nota general | El vol. 2 es Apéndice. |
| 700 1# - ENTRADA AGREGADA--NOMBRE PERSONAL | |
| Nombre de persona | Blas y Manada, Macario. |
| 9 (RLIN) | 29356 |
| 700 1# - ENTRADA AGREGADA--NOMBRE PERSONAL | |
| Nombre de persona | Blas y Alvarez, Antonio. |
| 9 (RLIN) | 29355 |
| 852 ## - LOCALIZACIÓN | |
| Ubicación | ES-MaACL |
| Número de control de estantería | C-8416-17 |
| Sublocalización o colección | R.26660 |
| Estatus retirado | Estado de pérdida | Estado de daño | No para préstamo | Biblioteca de origen | Biblioteca actual | Ubicación en estantería | Fecha de adquisición | Fuente de adquisición | Total de préstamos | Signatura topográfica completa | Código de barras | Visto por última vez | Precio de reemplazo | Tipo de ítem Koha |
|---|---|---|---|---|---|---|---|---|---|---|---|---|---|---|
| Biblioteca del Ateneo de Madrid | Biblioteca del Ateneo de Madrid | Sala Palomar | 17/01/2008 | C-8416-17 | 1094316 | 23/02/2023 | 23/02/2023 | Libro impreso |
